000
00365cam a2200169ua 4500
020
_c
Rs. 2.00
041
_a
hin
_h
082
_a
891.54
_b
KSH/NE
100
_a
Kshemachandra, Suman .
245
_a
Neeraj
260
_a
:
_b
Rajpal & Sanch ,
_c
1963.
300
_a
130 ; .
365
_a
Rs. 2.00
504
_a
942
_c
BK
999
_c
11952
_d
11952